Lowest % Foreign-Born Population, Top 5 Countries Per Continent - Statistics

General Stats
  • This quiz has been taken 60 times
  • The average score is 19 of 30
Answer Stats
% Asia % Correct
0.3 Peru
85%
1.4 Bolivia
83%
0.9 Brazil
83%
1.7 Guyana
81%
0.3 Colombia
80%
0.4 Haiti
76%
0.4 Papua New Guinea
76%
1.6 Tuvalu
76%
0.1 Cuba
74%
1.4 Solomon Islands
72%
0.2 North Korea
70%
1.3 Vanuatu
70%
2.5 Fiji
69%
3.1 Albania
65%
0.5 Guatemala
65%
0.6 El Salvador
63%
1.2 Bulgaria
61%
0.4 Honduras
61%
0.9 Romania
61%
0.1 China
57%
0.6 Bosnia and Herzegovina
56%
0.2 Somalia
50%
0.1 Lesotho
48%
0.9 Poland
48%
0.2 Eritrea
43%
0.1 Vietnam
43%
0.2 Burma
41%
0.1 Indonesia
39%
0.1 Madagascar
35%
0.2 Morocco
26%
No matching quizzes found
Score Distribution
Percent of People with Each Score
Percentile by Number Answered
Your Score History
You have not taken this quiz